000 00678nam a2200205Ia 4500
005 20240530110946.0
008 140319s2008 xx 000 0 ara d
040 _aGCL /
_cGCL
082 0 4 _a923.1 /
_bع ن
100 1 _aعصام عبدالفتاح
245 1 0 _aنابليون بين الطموح والجنوح /
_cعصام عبدالفتاح
260 _aالقاهرة :
_bكنوز للنشر والتوزيع،
_c2008
300 _a168 ص ؛
_c24 سم
650 0 4 _aفرنسا
650 0 4 _aنابليون بونابرت
650 0 4 _aالحملة الفرنسية
651 _aمصر
942 _2ddc
_cBK
999 _c66912
_d66912